Man who knew too much (Record no. 395115)

MARC details
000 -LEADER
fixed length control field 00449 a2200181 4500
005 - DATE & TIME
control field 20260116123625.0
008 - FIXED-LENGTH DATA ELEMENTS--GENERAL INFORMATION
fixed length control field 260116b |||||||| |||| 00| 0 eng d
020 ## - ISBN
International Standard Book Number 9789357272605
Price Rs. 199.00
040 ## - CATALOGING SOURCE
Original cataloging agency VIVEKANANDA LIBRARY
082 ## - DDC NUMBER
Classification number 823
Book Number C426M
100 ## - MAIN ENTRY--PERSONAL NAME
Personal name Chesterton, G K
245 ## - TITLE STATEMENT
Title Man who knew too much
260 ## - PUBLICATION, DISTRIBUTION, ETC. (IMPRINT)
Name of publisher, distributor, etc Double 9 Books
Date of publication, distribution, etc 2024
Place of publication, distribution, etc New Delhi
300 ## - PHYSICAL DESCRIPTION
Pages 156
650 ## - Subject
Subject Literature
650 ## - Subject
Subject English Fiction
942 ## - ADDED ENTRY ELEMENTS (KOHA)
Koha item type Books
Holdings
Withdrawn status Lost status Source of classification or shelving scheme Damaged status Not for loan Location (home branch) Sublocation or collection (holding branch) Shelving location Date acquired Koha issues (times borrowed) Koha full call number Accession No. Koha date last seen Koha item type
    Dewey Decimal Classification     VIVEKANANDA LIBRARY VIVEKANANDA LIBRARY Vivekananda Library 23/12/2025 2 823 C426M 443802 27/02/2026 Books
© Designed and Maintained by Vivekananda Library, MDU Rohtak